01454nam a2200361Ia 4500001001200000003000800012006001900020007001500039008004100054010001700095020002800112020003500140020001800175040002100193035002100214050002400235082002000259100002200279245010800301246006300409260005100472300001500523504006400538533015200602650001900754650003100773650003300804650004000837650004300877655002900920710001700949856012600966ebr10286157CaPaEBRm u cr cn|||||||||910312s1991 ilu sb 001 0 eng d z 91012699  z0226059723 (alk. paper) z0226059731 (pbk. : alk. paper) z9780226059730 aCaPaEBRcCaPaEBR a(OCoLC)32090109314aHQ1143b.B56 1991eb04a305.4/09/022201 aBloch, R. Howard.10aMedieval misogyny and the invention of Western romantic loveh[electronic resource] /cR. Howard Bloch.3 aMedieval misogyny & the invention of Western romantic love aChicago :bUniversity of Chicago Press,c1991. aix, 298 p. aIncludes bibliographical references (p. 271-290) and index. aElectronic reproduction.bPalo Alto, Calif. :cebrary,d2011.nAvailable via World Wide Web.nAccess may be limited to ebrary affiliated libraries. 0aLovexHistory. 0aMisogynyzEuropexHistory. 0aPatriarchyzEuropexHistory. 0aSocial historyyMedieval, 500-1500. 0aWomenxHistoryyMiddle Ages, 500-1500. 7aElectronic books.2local2 aebrary, Inc.40uhttp://site.ebrary.com/lib/rucke/Doc?id=10286157zAn electronic book accessible through the World Wide Web; click to view